[Event "Elit(Kungstornet-SS 4 Springare)"]
[Site "?"]
[Date "2025.03.09"]
[Round "9"]
[White "Gajic, Mladen"]
[Black "Henriksson, Johan"]
[Result "1/2-1/2"]
[WhiteElo "2266"]
[BlackElo "2291"]
[PlyCount "78"]
[SourceVersionDate "2025.03.29"]

1. d4 d5 2. Nf3 Nf6 3. e3 g6 4. Nbd2 Bg7 5. b4 O-O 6. Be2 Nfd7 7. Bb2 e5 8. dxe5 Nc6 9. b5 Ncxe5 10. Rb1 a6 11. a4 axb5 12. axb5 Ra2 13. Bd4 Qe7 14. O-O c5 15. bxc6 bxc6 16. c4 Ba6 17. Ra1 Qa3 18. Rxa2 Qxa2 19. Nxe5 Nxe5 20. cxd5 Bxe2 21. Qxe2 cxd5 22. Ra1 Qc2 23. Qd1 Qd3 24. Bxe5 Bxe5 25. Nf3 Qf5 26. Nxe5 Qxe5 27. Ra5 Rb8 28. h3 Qf5 29. Qd4 Rd8 30. Ra1 Rb8 31. Rd1 Rb1 32. Rxb1 Qxb1+ 33. Kh2 Qf5 34. f3 h5 35. h4 Qe6 36. Kg3 f6 37. Qa7 Qe5+ 38. Kf2 Qb2+ 39. Kg3 Qe5+ 1/2-1/2

[Event "Elit(Wasa-Limhamn)"]
[Site "?"]
[Date "2025.03.09"]
[Round "9"]
[White "Ziegler, Ari"]
[Black "Wedberg, Tom"]
[Result "1/2-1/2"]
[WhiteElo "2297"]
[BlackElo "2344"]
[PlyCount "58"]
[SourceVersionDate "2025.03.30"]

1. d4 Nf6 2. c4 e5 3. dxe5 Ng4 4. Bf4 Nc6 5. Nf3 Bb4+ 6. Nbd2 Qe7 7. e3 Ngxe5 8. Nxe5 Nxe5 9. Be2 d6 10. O-O a5 11. Nb3 a4 12. a3 Bc3 13. bxc3 axb3 14. Qxb3 Nd7 15. Bf3 O-O 16. Rfb1 Ra7 17. Qc2 Nc5 18. h3 Bd7 19. Bd5 Rfa8 20. Qd1 Be6 21. a4 Bxd5 22. cxd5 Nxa4 23. Qg4 Nxc3 24. Rxa7 Rxa7 25. Rxb7 Rxb7 26. Qc8+ Qf8 27. Qxb7 Ne2+ 28. Kh2 Nxf4 29. exf4 Qd8 1/2-1/2

[Event "Elit(Kungstornet-SS 4 Springare)"]
[Site "?"]
[Date "2025.03.09"]
[Round "9"]
[White "Andersson, Fredrik"]
[Black "Seiger, Vidar"]
[Result "1/2-1/2"]
[WhiteElo "2241"]
[BlackElo "2164"]
[PlyCount "52"]
[SourceVersionDate "2025.03.29"]

1. e4 c5 2. Nf3 g6 3. c3 Nc6 4. d4 d5 5. e5 Bg4 6. Bb5 cxd4 7. cxd4 Rc8 8. O-O Nh6 9. Nbd2 Bg7 10. h3 Bxf3 11. Nxf3 O-O 12. Bf4 f6 13. Qd2 Nf7 14. exf6 exf6 15. Rac1 Nd6 16. Bxc6 bxc6 17. Bxd6 Qxd6 18. Qa5 Rf7 19. Rfe1 Bf8 20. Qa6 Rfc7 21. Rc3 Rb8 22. b3 Kf7 23. Rce3 Rbb7 24. Re8 Qa3 25. Qxa3 Bxa3 26. Ra8 Re7 1/2-1/2

[Event "Elit(Wasa-Limhamn)"]
[Site "?"]
[Date "2025.03.09"]
[Round "9"]
[White "Ostlund, Joar"]
[Black "Hogeman, Joel"]
[Result "1/2-1/2"]
[WhiteElo "2324"]
[BlackElo "2227"]
[PlyCount "81"]
[SourceVersionDate "2025.03.30"]

1. d4 d5 2. c4 e6 3. Nc3 Nf6 4. cxd5 exd5 5. Bg5 Be7 6. e3 O-O 7. Bd3 c6 8. Qc2 Nbd7 9. Nf3 Re8 10. O-O g6 11. Rab1 Nb6 12. h3 Nh5 13. Bxe7 Qxe7 14. Rbe1 Ng7 15. e4 dxe4 16. Nxe4 Be6 17. Qd2 Nd5 18. Nc5 Qc7 19. Qh6 f6 20. Nxe6 Nxe6 21. Re4 Re7 22. Rfe1 Rae8 23. Bc4 Qd6 24. Qd2 Nec7 25. Rxe7 Rxe7 26. a3 Kg7 27. Qa5 a6 28. Qd2 Rxe1+ 29. Qxe1 Nf4 30. Qe3 Nfe6 31. Qb3 b5 32. Bxe6 Nxe6 33. Qc3 h5 34. Qa5 Nxd4 35. Nxd4 Qxd4 36. Qxa6 Qd1+ 37. Kh2 Qd6+ 38. Kg1 Qd1+ 39. Kh2 Qd6+ 40. Kg1 Qd1+ 41. Kh2 1/2-1/2

[Event "Elit(Kungstornet-SS 4 Springare)"]
[Site "?"]
[Date "2025.03.09"]
[Round "9"]
[White "Nygren, Kim"]
[Black "Larsson, Anders"]
[Result "1-0"]
[WhiteElo "2155"]
[BlackElo "2196"]
[PlyCount "20"]
[SourceVersionDate "2025.03.29"]

1. e4 e6 2. d3 d5 3. Nd2 Nf6 4. Ngf3 Nc6 5. g3 dxe4 6. dxe4 e5 7. Bg2 Bc5 8. Qe2 O-O 9. O-O a5 10. Nb3 Bb6 1-0

[Event "Elit(Wasa-Limhamn)"]
[Site "?"]
[Date "2025.03.09"]
[Round "9"]
[White "Brynell, Stellan"]
[Black "Wernberg, Hugo"]
[Result "1/2-1/2"]
[WhiteElo "2380"]
[BlackElo "2209"]
[PlyCount "91"]
[SourceVersionDate "2025.03.30"]

1. d4 d5 2. c4 c6 3. Nf3 Nf6 4. Nc3 e6 5. Bg5 Nbd7 6. e3 Qa5 7. cxd5 Nxd5 8. Rc1 Nxc3 9. bxc3 Ba3 10. Rc2 f6 11. Bh4 O-O 12. Bd3 b6 13. Qe2 Qh5 14. Bg3 Bb7 15. Nd2 Qxe2+ 16. Kxe2 Be7 17. f3 c5 18. a4 cxd4 19. cxd4 Rac8 20. Rhc1 Rxc2 21. Rxc2 Rc8 22. Rxc8+ Bxc8 23. Bc4 Kf7 24. Ne4 Bb7 25. Kd3 a6 26. Bc7 Bb4 27. Nd6+ Bxd6 28. Bxd6 Bc6 29. Bxa6 Bxa4 30. Kc4 f5 31. Bb7 b5+ 32. Kc3 Nf6 33. e4 fxe4 34. fxe4 Bd1 35. Kd2 Bb3 36. Ke3 g5 37. Bc6 Bc4 38. Kf3 Bd3 39. Bb4 h6 40. Bd6 Bc4 41. g3 Bd3 42. h4 Bc4 43. Bb4 Bd3 44. Bd2 Kg6 45. e5 Nd5 46. Bxd5 1/2-1/2

[Event "Elit(Kungstornet-SS 4 Springare)"]
[Site "?"]
[Date "2025.03.09"]
[Round "9"]
[White "Couso, Luis"]
[Black "Tripathi, Pratyush"]
[Result "1-0"]
[WhiteElo "2250"]
[BlackElo "2002"]
[PlyCount "111"]
[EventDate "2025.??.??"]
[SourceVersionDate "2025.03.29"]

1. c4 c5 2. g3 g6 3. Bg2 Bg7 4. Nc3 Nc6 5. e4 d6 6. Nge2 e6 7. d3 Nge7 8. O-O O-O 9. a3 a5 10. Rb1 Nd4 11. Nxd4 cxd4 12. Nb5 d5 13. exd5 exd5 14. c5 Be6 15. Bf4 Qd7 16. Nc7 Rac8 17. Nxe6 fxe6 18. Bd6 Rf7 19. b4 Nf5 20. Bf4 axb4 21. axb4 Rcf8 22. Bd2 Qb5 23. Qb3 Re7 24. Rfe1 Kh8 25. Ra1 b6 26. cxb6 Qxb6 27. b5 Rb7 28. Ra5 Rc8 29. Qa2 h6 30. Ra6 Qxb5 31. Raxe6 Rb6 32. Qxd5 Qxd5 33. Bxd5 Rxe6 34. Rxe6 Rd8 35. Be4 Kh7 36. h4 Rf8 37. Ra6 Rf6 38. Rxf6 Bxf6 39. h5 Kg7 40. Kg2 Ne7 41. hxg6 Nxg6 42. Bxg6 Kxg6 43. g4 h5 44. gxh5+ Kxh5 45. Kf3 Bh4 46. Bf4 Bf6 47. Ke4 Kg4 48. Be5 Bd8 49. Bxd4 Kg5 50. f4+ Kg6 51. Be5 Kf7 52. Kf5 Be7 53. d4 Bd8 54. d5 Bb6 55. Bb8 Bd8 56. d6 1-0

[Event "Elit(Wasa-Limhamn)"]
[Site "?"]
[Date "2025.03.09"]
[Round "9"]
[White "Lilliehook, Victor"]
[Black "Schneider, Stefan"]
[Result "0-1"]
[WhiteElo "1944"]
[BlackElo "2379"]
[PlyCount "50"]
[SourceVersionDate "2025.03.30"]

1. e4 c6 2. d4 d5 3. f3 e6 4. Nc3 Bb4 5. Bf4 Ne7 6. Be3 O-O 7. Bd3 e5 8. a3 Ba5 9. b4 Bb6 10. Nce2 dxe4 11. Bxe4 Nf5 12. Bxf5 Bxf5 13. f4 Be4 14. Kf1 Qd5 15. Nc3 Bxg2+ 16. Kf2 Qc4 17. Kxg2 Qxc3 18. Bf2 Bxd4 19. Bxd4 exd4 20. Ne2 Qc4 21. Qd3 Qxd3 22. cxd3 Rd8 23. Rac1 Nd7 24. Rhd1 Nf6 25. Rc4 Nd5 0-1

[Event "Elit(Kristallen-Eksjo)"]
[Site "?"]
[Date "2025.03.09"]
[Round "9"]
[White "Gdanski, Jacek"]
[Black "Religa, Marek"]
[Result "1/2-1/2"]
[WhiteElo "2484"]
[BlackElo "2285"]
[PlyCount "127"]
[SourceVersionDate "2025.03.29"]

1. e4 c5 2. Nf3 Nf6 3. Nc3 e6 4. d4 cxd4 5. Nxd4 Nc6 6. Ndb5 Bc5 7. Bf4 O-O 8. Bc7 Qe7 9. Bd6 Bxd6 10. Qxd6 Qd8 11. O-O-O a6 12. Nd4 Qb6 13. Nxc6 bxc6 14. Be2 Rb8 15. b3 a5 16. Bd3 Qb4 17. Qxb4 axb4 18. Na4 d5 19. Rhe1 Ra8 20. Kb2 Nd7 21. f4 Ra5 22. exd5 cxd5 23. c3 bxc3+ 24. Nxc3 Nb6 25. Bb5 Ba6 26. Bxa6 Rxa6 27. f5 Rb8 28. Rd4 e5 29. Rd3 d4 30. Ne4 Nd5 31. a3 Rba8 32. a4 Rb6 33. Rc1 Ne3 34. Rc5 f6 35. a5 Rba6 36. b4 Nxf5 37. Kb3 Nd6 38. Nd2 R8a7 39. Ka4 Kf7 40. Nb3 Ne4 41. Rc8 Nc3+ 42. Rcxc3 dxc3 43. b5 e4 44. Rxc3 Rd6 45. g4 h5 46. Re3 Re7 47. b6 hxg4 48. Nc5 Rd4+ 49. Kb5 Rd5 50. Kc6 Ree5 51. Nb7 Ke7 52. Rxe4 Rxa5 53. Nxa5 Rxe4 54. b7 Rb4 55. Kc5 Rxb7 56. Nxb7 Ke6 57. Kd4 Kf5 58. Ke3 g3 59. hxg3 Kg4 60. Kf2 f5 61. Nc5 f4 62. gxf4 Kxf4 63. Ne6+ Ke5 64. Nxg7 1/2-1/2

[Event "Elit(Stockholms SS-Vaxjo)"]
[Site "?"]
[Date "2025.03.09"]
[Round "9"]
[White "Solodovnichenko, Yuri"]
[Black "Westerberg, Jonathan"]
[Result "1-0"]
[WhiteElo "2511"]
[BlackElo "2470"]
[PlyCount "93"]
[SourceVersionDate "2025.03.29"]

1. e4 c5 2. Nf3 e6 3. d4 cxd4 4. Nxd4 Nc6 5. Nc3 Nf6 6. Nxc6 bxc6 7. e5 Nd5 8. Ne4 Qc7 9. f4 Qb6 10. c4 Bb4+ 11. Ke2 f5 12. exf6 Nxf6 13. Be3 Qd8 14. Nd6+ Bxd6 15. Qxd6 Bb7 16. Rd1 c5 17. Qxc5 Rc8 18. Qxa7 Qc7 19. Ke1 Ng4 20. Be2 Nxe3 21. Qxe3 O-O 22. Qe5 Qd8 23. Qg5 Qc7 24. Qe5 Qd8 25. Qg5 Qc7 26. Rf1 Rf5 27. Qe7 Rf7 28. Qd6 Qa5+ 29. b4 Qxa2 30. Rf2 Qa8 31. Kf1 Rcf8 32. Kg1 Qa3 33. b5 Qe3 34. Qd4 Qa3 35. Rdf1 Qb4 36. Qe3 Rf6 37. Qa7 Bc8 38. g3 d6 39. Qe3 e5 40. Bd3 Bb7 41. fxe5 Rxf2 42. Rxf2 Rxf2 43. Kxf2 Qb2+ 44. Be2 dxe5 45. c5 Bc8 46. c6 Bg4 47. c7 1-0

[Event "Elit(LASK-Rockaden, Stockholm)"]
[Site "?"]
[Date "2025.03.09"]
[Round "9"]
[White "Hammer, Jon Ludvig"]
[Black "Kucuksari, Kaan"]
[Result "1-0"]
[WhiteElo "2603"]
[BlackElo "2462"]
[PlyCount "111"]
[EventDate "2025.??.??"]
[SourceVersionDate "2025.03.30"]

1. Nf3 Nf6 2. g3 g6 3. Bg2 Bg7 4. c4 O-O 5. d4 d6 6. O-O Nc6 7. Nc3 e5 8. d5 Nb8 9. e4 a5 10. Rb1 Na6 11. b3 Nc5 12. Re1 Ne8 13. Bg5 f6 14. Be3 b6 15. a3 f5 16. b4 axb4 17. axb4 fxe4 18. Ng5 Nd3 19. Re2 Nf4 20. Bxf4 exf4 21. Ncxe4 Bg4 22. Ne6 Bxe2 23. Qxe2 Qe7 24. Nxf8 Qxf8 25. Ng5 Qf5 26. Qe6+ Qxe6 27. dxe6 Ra1 28. Rxa1 Bxa1 29. Bc6 Kf8 30. Nxh7+ Ke7 31. b5 Ng7 32. Be4 fxg3 33. hxg3 Kxe6 34. f4 Nf5 35. Bd5+ Ke7 36. Kf2 Bc3 37. g4 Nd4 38. Ke3 Nb3 39. Ng5 Bd2+ 40. Kf3 Nc5 41. Nh3 Bc1 42. g5 Kf8 43. Ng1 Ke7 44. Ne2 Bd2 45. Nd4 Bc1 46. Be4 Kf7 47. Nc6 Kg7 48. Ne7 Kf7 49. Nd5 Ne6 50. Kg4 Kg7 51. Bxg6 Kxg6 52. f5+ Kf7 53. g6+ Kg7 54. fxe6 Kxg6 55. Kf3 Bg5 56. Ke4 1-0

[Event "Elit(Kristallen-Eksjo)"]
[Site "?"]
[Date "2025.03.09"]
[Round "9"]
[White "Lindh, Fredrik"]
[Black "Heberla, Bartlomiej"]
[Result "0-1"]
[WhiteElo "2269"]
[BlackElo "2498"]
[PlyCount "76"]
[SourceVersionDate "2025.03.29"]

1. e4 c5 2. Nf3 d6 3. d4 cxd4 4. Nxd4 Nf6 5. Nc3 a6 6. Be3 e5 7. Nb3 Be7 8. f3 Be6 9. Qd2 h5 10. Nd5 Nxd5 11. exd5 Bf5 12. Be2 Bh4+ 13. g3 Be7 14. c4 Nd7 15. Na5 Qc8 16. Rc1 Bd8 17. Qb4 Rb8 18. Qa3 Nf6 19. O-O Qd7 20. Rfd1 e4 21. c5 Bxa5 22. Qxa5 exf3 23. Bxf3 Bg4 24. c6 Qf5 25. Bxg4 Nxg4 26. Bf4 O-O 27. c7 Rbe8 28. Qd2 Ne5 29. Bxe5 Rxe5 30. Rf1 Qd7 31. Qb4 b5 32. Qd4 Rc8 33. Qb6 Rxd5 34. Qxa6 Rc5 35. Rcd1 d5 36. b4 R5xc7 37. Qb6 Rc4 38. Rd4 Qe6 0-1

[Event "Elit(LASK-Rockaden, Stockholm)"]
[Site "?"]
[Date "2025.03.09"]
[Round "9"]
[White "Wagner, Dennis"]
[Black "Seo, Jung Min"]
[Result "1-0"]
[WhiteElo "2614"]
[BlackElo "2491"]
[PlyCount "59"]
[SourceVersionDate "2025.03.30"]

1. d4 Nf6 2. c4 e6 3. Nf3 d5 4. Nc3 c5 5. e3 dxc4 6. Bxc4 a6 7. O-O b5 8. Be2 Bb7 9. dxc5 Qxd1 10. Rxd1 Bxc5 11. Nd4 Nbd7 12. Nb3 Bb6 13. a4 b4 14. a5 bxc3 15. axb6 cxb2 16. Bxb2 Nxb6 17. Ba3 Bd5 18. Na5 Nfd7 19. f3 f5 20. Rac1 Kf7 21. e4 fxe4 22. fxe4 Bxe4 23. Nc4 Kg6 24. Nxb6 Nxb6 25. Rd4 Bd5 26. Rg4+ Kh6 27. Rc7 g5 28. Bc1 Rhg8 29. Bd3 Kh5 30. Rb4 1-0

[Event "Elit(Kristallen-Eksjo)"]
[Site "?"]
[Date "2025.03.09"]
[Round "9"]
[White "Olsson, William"]
[Black "Walinder, Lars"]
[Result "1/2-1/2"]
[WhiteElo "2369"]
[BlackElo "2209"]
[PlyCount "110"]
[SourceVersionDate "2025.03.29"]

1. Nf3 d5 2. g3 Nf6 3. c4 e6 4. Bg2 d4 5. e3 Nc6 6. O-O Be7 7. d3 e5 8. exd4 exd4 9. Na3 O-O 10. Nc2 Bg4 11. h3 Bh5 12. Bf4 Qd7 13. Kh2 Rfe8 14. Re1 a5 15. Qd2 Bc5 16. Ne5 Nxe5 17. Bxe5 c6 18. Bxf6 gxf6 19. Rxe8+ Rxe8 20. Re1 Rxe1 21. Qxe1 b6 22. f4 f5 23. a3 Bf8 24. Qe5 c5 25. Ne1 Qe6 26. Qxe6 fxe6 27. Bf3 Be8 28. Kg2 Bd6 29. Kf2 Kg7 30. Bb7 Kf6 31. Nf3 Bh5 32. Bc6 e5 33. fxe5+ Bxe5 34. Bd7 Bg6 35. Nh4 Kg5 36. Nxg6 hxg6 37. Kf3 Kf6 38. g4 Bc7 39. h4 fxg4+ 40. Kxg4 Bd8 41. Be8 Be7 42. a4 Bd8 43. Bd7 Ke7 44. Bc8 Ke8 45. Bb7 Kf7 46. Bd5+ Kg7 47. h5 gxh5+ 48. Kf5 Bh4 49. Bc6 Kh6 50. Bg2 Be1 51. b3 h4 52. Kg4 Kg6 53. Bf1 Kf6 54. Bg2 Ke5 55. Bf1 Bf2 1/2-1/2

[Event "Elit(Stockholms SS-Vaxjo)"]
[Site "?"]
[Date "2025.03.09"]
[Round "9"]
[White "Hillarp-Persson, Tiger"]
[Black "Sipila, Vilka"]
[Result "1-0"]
[WhiteElo "2468"]
[BlackElo "2445"]
[PlyCount "91"]
[SourceVersionDate "2025.03.29"]

1. d4 d5 2. c4 e6 3. Nf3 Nf6 4. g3 dxc4 5. Bg2 Bb4+ 6. Bd2 a5 7. O-O O-O 8. Qc2 Bxd2 9. Nbxd2 b5 10. a4 c6 11. b3 cxb3 12. Nxb3 Nd5 13. e4 Nb6 14. axb5 a4 15. Nc5 cxb5 16. Qb2 Ra5 17. Ne5 f6 18. Qb4 Na8 19. Nf3 Nc6 20. Qb2 Nb6 21. Rfc1 Qe7 22. Nxe6 Bxe6 23. Rxc6 Rb8 24. d5 Bd7 25. Nd4 a3 26. Qd2 Ra4 27. Nxb5 Bxc6 28. dxc6 Qe5 29. Qa2+ Kf8 30. c7 Rc8 31. Bf1 Na8 32. Rd1 Qe7 33. Bh3 Nxc7 34. Rd7 Qxd7 35. Bxd7 Nxb5 36. Bxc8 Nc3 37. Qe6 a2 38. Qd6+ Kf7 39. Be6+ Kg6 40. Bxa2 Rxa2 41. Qd3 Nxe4 42. Qxe4+ Kh6 43. h4 g6 44. Qe6 Ra5 45. Qxf6 Rh5 46. Qf8# 1-0

[Event "Elit(LASK-Rockaden, Stockholm)"]
[Site "?"]
[Date "2025.03.09"]
[Round "9"]
[White "Neiksans, Arturs"]
[Black "Ernst, Sipke"]
[Result "1/2-1/2"]
[WhiteElo "2566"]
[BlackElo "2517"]
[PlyCount "73"]
[SourceVersionDate "2025.03.30"]

1. e4 e5 2. Nf3 Nc6 3. Bc4 Nf6 4. d3 Be7 5. O-O O-O 6. Re1 d6 7. a4 Na5 8. Ba2 c5 9. Na3 Be6 10. Bxe6 fxe6 11. c3 Nc6 12. Bd2 Rc8 13. Nc4 h6 14. Qe2 Nh7 15. h3 Rc7 16. Rab1 a6 17. a5 Bf6 18. b4 cxb4 19. cxb4 Ng5 20. Be3 Rcf7 21. Ncd2 Qe8 22. Rf1 Bd8 23. Nxg5 Bxg5 24. Bxg5 hxg5 25. f3 Rc7 26. Qe3 Qe7 27. Kh2 Nd4 28. Nc4 Kh7 29. Rbc1 Rc6 30. Nb6 Kg6 31. Kh1 Rf4 32. Nc4 Kh7 33. Qe1 Rf8 34. Ne3 Rfc8 35. Rc4 Qf7 36. Rxc6 Rxc6 37. Nc4 1/2-1/2

[Event "Elit(Kristallen-Eksjo)"]
[Site "?"]
[Date "2025.03.09"]
[Round "9"]
[White "van Hengel, Hugo"]
[Black "Krantz, Christopher"]
[Result "0-1"]
[WhiteElo "2242"]
[BlackElo "2219"]
[PlyCount "74"]
[SourceVersionDate "2025.03.29"]

1. e4 c6 2. d4 d5 3. f3 e6 4. Be3 Nf6 5. e5 Nfd7 6. Nd2 c5 7. c3 Nc6 8. f4 Qb6 9. Qb3 Qxb3 10. Nxb3 c4 11. Nc5 Nxc5 12. dxc5 b6 13. cxb6 axb6 14. a3 Bc5 15. Kf2 O-O 16. Nf3 f6 17. exf6 Rxf6 18. Ke2 Bd7 19. g3 Be8 20. Bh3 Bg6 21. Bd4 Bxd4 22. Nxd4 Nxd4+ 23. cxd4 Be4 24. Rhg1 Rh6 25. Bg2 Rxh2 26. Kf1 Bxg2+ 27. Rxg2 Rh1+ 28. Rg1 Rxg1+ 29. Kxg1 Ra5 30. Rd1 Rb5 31. Rd2 Rb3 32. Kf2 h5 33. Re2 Kf7 34. Rd2 Kf6 35. Kg2 g6 36. Kf2 Kf5 37. Re2 Rd3 0-1

[Event "Elit(Stockholms SS-Vaxjo)"]
[Site "?"]
[Date "2025.03.09"]
[Round "9"]
[White "Ertan, Can"]
[Black "Rydstrom, Tom"]
[Result "1-0"]
[WhiteElo "2358"]
[BlackElo "2295"]
[PlyCount "71"]
[SourceVersionDate "2025.03.29"]

1. e4 e5 2. Nf3 Nc6 3. Bb5 a6 4. Ba4 Nf6 5. O-O Be7 6. Re1 b5 7. Bb3 d6 8. a4 Rb8 9. axb5 axb5 10. c3 O-O 11. d4 exd4 12. Nxd4 Nxd4 13. cxd4 c5 14. dxc5 dxc5 15. e5 Ng4 16. Bd5 Qc7 17. Bf4 Nh6 18. Qf3 Bg4 19. Qg3 g5 20. Bd2 Qd7 21. Be4 Rb6 22. Be3 Bf5 23. Nc3 Rg6 24. Red1 Qe6 25. Bd5 Qb6 26. Bb3 Be6 27. Bc2 Nf5 28. Bxf5 Bxf5 29. Nd5 Qe6 30. Ra6 Qxa6 31. Nxe7+ Kh8 32. Nxf5 Qa4 33. Rc1 Qe4 34. Nd6 Qb4 35. Bxc5 Qxb2 36. Qe3 1-0

[Event "Elit(LASK-Rockaden, Stockholm)"]
[Site "?"]
[Date "2025.03.09"]
[Round "9"]
[White "Storme, Isak"]
[Black "Blomqvist, Erik"]
[Result "1/2-1/2"]
[WhiteElo "2455"]
[BlackElo "2481"]
[PlyCount "85"]
[SourceVersionDate "2025.03.30"]

1. d4 d5 2. Nf3 Nf6 3. Bf4 c5 4. e3 Nc6 5. Nbd2 Bg4 6. Bb5 e6 7. O-O Rc8 8. c3 Bd6 9. Qa4 cxd4 10. Bxd6 Qxd6 11. cxd4 O-O 12. Rfc1 Qb8 13. Bxc6 bxc6 14. Qa3 Bxf3 15. Nxf3 Nd7 16. Rc2 Rc7 17. Rac1 Rfc8 18. Rc3 a5 19. h3 g6 20. R1c2 Qb6 21. Qd6 Qb4 22. Qf4 Qe7 23. e4 dxe4 24. Qxe4 c5 25. Ne5 Nb6 26. dxc5 Rxc5 27. Qd4 Rxc3 28. Rxc3 Rxc3 29. bxc3 Nd5 30. c4 Nb4 31. Ng4 h5 32. Nf6+ Kf8 33. Qf4 Kg7 34. Ne4 e5 35. Qd2 Qe6 36. Qd8 Nc6 37. Qd5 Qxd5 38. cxd5 Nb4 39. d6 f5 40. d7 Nc6 41. Nd6 Kf6 42. Nb7 Ke7 43. d8=Q+ 1/2-1/2

[Event "Elit(Kristallen-Eksjo)"]
[Site "?"]
[Date "2025.03.09"]
[Round "9"]
[White "Vernersson, Per"]
[Black "Andersson, Goran L"]
[Result "1-0"]
[WhiteElo "2262"]
[BlackElo "2177"]
[PlyCount "105"]
[SourceVersionDate "2025.03.29"]

1. Nf3 Nf6 2. c4 e6 3. d4 c5 4. e3 d5 5. Nc3 Nc6 6. a3 dxc4 7. Bxc4 a6 8. O-O b5 9. Bd3 Be7 10. dxc5 Bxc5 11. b4 Be7 12. Bb2 O-O 13. Qe2 Bb7 14. Rfd1 Qb6 15. e4 Rfd8 16. e5 Nd5 17. g3 a5 18. bxa5 Nxa5 19. Nxb5 Nb3 20. Rab1 Nc5 21. Bd4 Qa5 22. Bxc5 Bxc5 23. Ng5 h6 24. Ne4 Be7 25. Ra1 Ba6 26. a4 Nb4 27. Bc4 Rxd1+ 28. Qxd1 Rd8 29. Qb3 Bxb5 30. Bxb5 Qc7 31. Qc3 Qxc3 32. Nxc3 Nd5 33. Ne4 f5 34. exf6 gxf6 35. Bc4 f5 36. Bxd5 Rxd5 37. Nc3 Rd3 38. Nb5 Rd2 39. a5 Bc5 40. a6 Bxf2+ 41. Kh1 Rd8 42. Nc7 Kf7 43. a7 Bxa7 44. Rxa7 Rd1+ 45. Kg2 Rd2+ 46. Kh3 e5 47. Nd5+ Ke6 48. Ne3 f4 49. Ra6+ Kd7 50. Nc4 Re2 51. gxf4 exf4 52. Rxh6 Re4 53. Nd2 1-0

[Event "Elit(LASK-Rockaden, Stockholm)"]
[Site "?"]
[Date "2025.03.09"]
[Round "9"]
[White "Trost, Edvin"]
[Black "Pantzar, Milton"]
[Result "1-0"]
[WhiteElo "2443"]
[BlackElo "2452"]
[PlyCount "87"]
[SourceVersionDate "2025.03.30"]

1. d4 d5 2. c4 e6 3. Nf3 Nf6 4. g3 b6 5. Bg2 Bb7 6. cxd5 exd5 7. O-O Bd6 8. Nc3 O-O 9. Bf4 Bxf4 10. gxf4 Nc6 11. Ne5 Ne7 12. Rc1 a5 13. Kh1 Rb8 14. b3 c5 15. dxc5 bxc5 16. Na4 c4 17. bxc4 d4 18. Bxb7 Rxb7 19. Nf3 Nf5 20. Qd3 g6 21. c5 Nd5 22. c6 Rb4 23. Nc5 Qd6 24. a3 Nxf4 25. Qd2 Rb5 26. Ne4 Qc7 27. Nxd4 Nxd4 28. Qxd4 Nxe2 29. Qd6 Qc8 30. Nf6+ Kg7 31. Qd3 Nxc1 32. Qxb5 Qh3 33. Nh5+ Qxh5 34. Qxh5 gxh5 35. Rxc1 Kf6 36. c7 Rc8 37. Kg2 Ke6 38. Kh3 Kd7 39. Kh4 Rxc7 40. Rxc7+ Kxc7 41. Kxh5 Kc6 42. Kh6 Kb5 43. Kxh7 Ka4 44. Kg8 1-0

[Event "Elit(Kristallen-Eksjo)"]
[Site "?"]
[Date "2025.03.09"]
[Round "9"]
[White "Ljung, Harald"]
[Black "Lukez, Giamfranko"]
[Result "1-0"]
[WhiteElo "2173"]
[BlackElo "2276"]
[PlyCount "65"]
[SourceVersionDate "2025.03.29"]

1. d4 g6 2. Nf3 Bg7 3. c4 d6 4. Nc3 Nf6 5. e3 O-O 6. Be2 Nc6 7. O-O e5 8. a3 exd4 9. exd4 Bf5 10. b4 Ne4 11. Nd5 Ne7 12. Nxe7+ Qxe7 13. Bb2 Rfe8 14. Bd3 Bf6 15. Re1 d5 16. cxd5 Qd6 17. Ne5 Bxe5 18. dxe5 Qxd5 19. Qc2 Nd6 20. exd6 Qxd3 21. Qxd3 Bxd3 22. dxc7 Kf8 23. Rxe8+ Rxe8 24. Rd1 Bf5 25. Rd8 Be6 26. Bf6 Bf5 27. f3 Be6 28. g4 Bc8 29. Kf2 b6 30. h3 Bb7 31. Rb8 Ba6 32. b5 Bc8 33. Bd8 1-0

[Event "Elit(Stockholms SS-Vaxjo)"]
[Site "?"]
[Date "2025.03.09"]
[Round "9"]
[White "Renman, Nils-Gustaf"]
[Black "Sevastianov, Andrii"]
[Result "1-0"]
[WhiteElo "2306"]
[BlackElo "2147"]
[PlyCount "57"]
[SourceVersionDate "2025.03.29"]

1. d4 d5 2. c4 dxc4 3. Nf3 Nf6 4. e3 e6 5. Bxc4 c5 6. O-O Nc6 7. Nc3 a6 8. Qe2 b5 9. Bb3 Be7 10. Rd1 O-O 11. dxc5 Qc7 12. e4 Bxc5 13. e5 Nd7 14. Bf4 Bb7 15. Ne4 Ne7 16. Rxd7 Bxf2+ 17. Qxf2 Qxd7 18. Nc5 Qc6 19. Rd1 Rad8 20. Rd6 Rxd6 21. exd6 Nd5 22. Ne5 Qc8 23. Bd2 Qb8 24. Ned7 Qxd6 25. Nxf8 Bc8 26. Nxh7 Kxh7 27. Ne4 Qc7 28. Qc5 Qd8 29. Nd6 1-0

[Event "Elit(LASK-Rockaden, Stockholm)"]
[Site "?"]
[Date "2025.03.09"]
[Round "9"]
[White "Smith, Axel"]
[Black "Barkhagen, Jonas"]
[Result "1/2-1/2"]
[WhiteElo "2430"]
[BlackElo "2411"]
[PlyCount "203"]
[SourceVersionDate "2025.03.30"]

1. c4 e5 2. Nf3 Nc6 3. d4 exd4 4. Nxd4 Bb4+ 5. Bd2 Bxd2+ 6. Qxd2 Nxd4 7. Qxd4 Qf6 8. Qxf6 Nxf6 9. Nc3 d6 10. e4 Bd7 11. Be2 Bc6 12. f3 a5 13. g4 h6 14. h4 Nd7 15. h5 Nc5 16. Kd2 f6 17. b3 Kf7 18. Rae1 Rhe8 19. Bd3 Re7 20. Re3 Kf8 21. Rhe1 Ne6 22. Ne2 Nc5 23. Nf4 Kg8 24. Bc2 Ree8 25. Nd5 Ne6 26. Nc3 Nf4 27. Rg1 Ne6 28. Rb1 Kf8 29. Bd3 Nf4 30. Bf1 Ne6 31. Rc1 Nc5 32. Rce1 Ne6 33. Bd3 Nf4 34. Rg1 Nh3 35. Rc1 Nf4 36. Nd5 Ne6 37. Nc3 Nf4 38. Bf1 Ne6 39. Ne2 Re7 40. Ng3 Ree8 41. Nf5 Bd7 42. Rec3 b6 43. Ke3 Ra7 44. Be2 Raa8 45. Rg1 Ra7 46. Rcc1 Raa8 47. Bd3 Nc5 48. Nh4 Bc6 49. Rgd1 Kf7 50. Nf5 Bd7 51. Nd4 Ne6 52. Ne2 Nc5 53. Nc3 Bc6 54. Rg1 Kf8 55. Rce1 Ne6 56. a3 Nc5 57. Bc2 Ne6 58. Ref1 Nc5 59. Ra1 Ne6 60. Rgd1 Ra7 61. Rf1 Raa8 62. Rae1 Kg8 63. Rg1 Ra7 64. Ra1 Raa8 65. Rgc1 Ra7 66. Bd3 Kf8 67. Rab1 Raa8 68. Ne2 Bd7 69. Rg1 Bc6 70. Rbf1 Bd7 71. Nd4 Nxd4 72. Kxd4 Be6 73. f4 Bf7 74. g5 Ke7 75. g6 Be6 76. Re1 c5+ 77. Kc3 Rf8 78. Re3 Rad8 79. Ra1 Ra8 80. Ree1 Ra7 81. Bc2 Ra6 82. Bd1 Ra7 83. Bf3 Rc7 84. Re2 Rcc8 85. Rd1 Rcd8 86. Re3 Rfe8 87. Red3 Rf8 88. f5 Bc8 89. b4 Ba6 90. b5 Bc8 91. Kd2 Rh8 92. Ke3 Rhf8 93. Kf4 Rh8 94. Kg3 Rhf8 95. R3d2 Rh8 96. Rd3 Rhf8 97. R1d2 Rh8 98. Bg2 Rhf8 99. Rd1 Rh8 100. Kg4 Rhf8 101. Bh1 Rh8 102. a4 1/2-1/2

[Event "Elit(Kristallen-Eksjo)"]
[Site "?"]
[Date "2025.03.09"]
[Round "9"]
[White "Malesevic, Nedeljko"]
[Black "Naslund, Mikael"]
[Result "1-0"]
[WhiteElo "2219"]
[BlackElo "2129"]
[PlyCount "119"]
[SourceVersionDate "2025.03.29"]

1. d4 d5 2. Nf3 e6 3. c4 Nf6 4. cxd5 exd5 5. Qc2 c6 6. Nc3 Be7 7. Bg5 O-O 8. e3 Re8 9. Bd3 Nbd7 10. O-O Nf8 11. Bxf6 Bxf6 12. b4 Qd6 13. Rab1 Bg4 14. Nd2 Bh5 15. Rfc1 Rac8 16. Ne2 Bxe2 17. Bxe2 Bxd4 18. Bg4 Be5 19. Bxc8 Rxc8 20. Nf3 Bf6 21. Rd1 Ne6 22. Qf5 Qe7 23. Nd4 g6 24. Qg4 Bxd4 25. exd4 Rd8 26. Qg3 Ng7 27. b5 Nf5 28. Qf4 cxb5 29. Rxb5 Qe2 30. Rbb1 Re8 31. Qd2 Qxd2 32. Rxd2 b5 33. Kf1 a6 34. Rc1 Re6 35. Rc5 Rd6 36. Ke2 h5 37. Kd3 Kg7 38. Re2 Kf6 39. Re5 Ne7 40. a3 Rb6 41. Rc7 Nf5 42. Rxd5 b4 43. axb4 Rxb4 44. Rc4 Rb2 45. Rc2 Rb6 46. Rdc5 Kg5 47. Ke4 Rb4 48. Rd2 Rb6 49. Ra5 Re6+ 50. Kd5 Kf4 51. Kc5 Nd6 52. g3+ Kg4 53. Kb4 Ne4 54. Rda2 Rb6+ 55. Kc4 h4 56. gxh4 Kxh4 57. Rxa6 Rb8 58. d5 Rd8 59. Kd4 Nd6 60. Rxd6 1-0